| 000 | 00388nam a2200133 4500 | ||
|---|---|---|---|
| 008 | 240801b |||||||| |||| 00| 0 eng d | ||
| 040 |
_aNational Science Library _cNational Science Library |
||
| 080 |
_a665.5=30 _bJ9 |
||
| 100 | _aAsinger, Friedrich | ||
| 245 | _aEinfuhrung in die petrolchemie | ||
| 260 |
_aBerlin: _bAkademie Verlag, _c1959 |
||
| 300 | _axiv, 428p. | ||
| 942 |
_2udc _cBK |
||
| 999 |
_c65465 _d65465 |
||